Výročná správa za rok ...
| New Title: | Správa o činnosti a hospodárení za rok ... |
|---|---|
| Previous Title: | Správa o činnosti za rok ... |
| Corporate Author: | |
| Other Authors: | , |
| Format: | Serial |
| Language: | Slovak |
| PhysicalDescription: | 14 zv. tab. 30 cm |
| Published: |
Bratislava
[Univerzitná knižnica]
2002-2015
|
| ISBN: | 8085170744 (brož. : r. 2002) 8085170760 (brož. : r. 2003) 8085170825 (brož. : r. 2004) 8085170914 (brož. : r. 2005) 8085170986 (brož. : r. 2006) 9788089303083 (brož. : r. 2007) 9788089303151 (brož. : r. 2008) 9788089303212 (brož. : r. 2009) 9788089303274 (brož. : r. 2010) 9788089303342 (brož. : r. 2011) 9788089303373 (brož. : r. 2012) 9788089303410 (brož. : r. 2013) 9788089303458 (brož. : r. 2014) 8085170698 (brož. : r. 2001) |
| Series: | Informácie a propagácia
|
| Subjects: |
MARC
| LEADER | 00000cas a2200000 a 4500 | ||
|---|---|---|---|
| 001 | vtls001473769 | ||
| 003 | SK-MaSNL | ||
| 005 | 20260425194101.0 | ||
| 008 | 040426d20022015xo ar| 0 0b0slo | ||
| 015 | |a SNBB2005/02-00421 (r. 2002) |a SNBB2005/04-01050 (r. 2003) |a SNBB2005/04-01051 (r. 2004) |a SNBB2006/04-01073 (r. 2005) |a SNBB2007/04-01321 (r. 2006) |a SNBB2008/03-01386 (r. 2007) |a SNBB2012/01-00178 (r. 2008) |a SNBB2012/01-00179 (r. 2009) |a SNBB2012/01-00180 (r. 2010) |a SNBB2012/03-00602 (r. 2011) |a SNBB2015-(r. 2012, 2014) |a SNBB2016-(r. 2013) | ||
| 015 | |a SNBE2003/02-01213 (r. 2001) | ||
| 020 | |a 8085170744 (brož. : r. 2002) | ||
| 020 | |a 8085170760 (brož. : r. 2003) |z 8085170698 | ||
| 020 | |a 8085170825 (brož. : r. 2004) | ||
| 020 | |a 8085170914 (brož. : r. 2005) | ||
| 020 | |a 8085170986 (brož. : r. 2006) | ||
| 020 | |a 9788089303083 (brož. : r. 2007) | ||
| 020 | |a 9788089303151 (brož. : r. 2008) | ||
| 020 | |a 9788089303212 (brož. : r. 2009) | ||
| 020 | |a 9788089303274 (brož. : r. 2010) | ||
| 020 | |a 9788089303342 (brož. : r. 2011) | ||
| 020 | |a 9788089303373 (brož. : r. 2012) | ||
| 020 | |a 9788089303410 (brož. : r. 2013) | ||
| 020 | |a 9788089303458 (brož. : r. 2014) | ||
| 020 | |a 8085170698 (brož. : r. 2001) | ||
| 035 | |a SNK000429071 | ||
| 040 | |a SNK |b slo |c SNK |d SVKBB |e AACR2 | ||
| 041 | 0 | |a slo | |
| 043 | |a e-xo--- | ||
| 044 | |a xo |c SK | ||
| 072 | 7 | |a 027 |x Univerzálne knižnice. Verejné knižnice |2 konspekt | |
| 080 | |a (437.6) |2 2001 | ||
| 080 | |a (047.1) |2 2001 | ||
| 080 | |a 027.021 |2 2001 | ||
| 080 | |a 021 |2 2001 | ||
| 110 | 2 | |a Univerzitná knižnica v Bratislave |9 192279 | |
| 245 | 1 | 0 | |a Výročná správa za rok ... |c Univerzitná knižnica v Bratislave |
| 260 | |a Bratislava |b [Univerzitná knižnica] |c 2002-2015 | ||
| 300 | |a 14 zv. |b tab. |c 30 cm | ||
| 310 | |a 1x ročne | ||
| 362 | 0 | |a 2001-2014 | |
| 490 | 1 | |a Informácie a propagácia | |
| 500 | |a Súčasťou názvu je označenie bežného roku | ||
| 500 | |a Vydavateľ podľa ISBN | ||
| 500 | |a Popis podľa: R. 2002 | ||
| 500 | |a Spracovali: 2001, 2003-2011, Tatiana Popová a pracovníci UKB ; 2013-2014, Henrieta Gábrišová a zamestnanci UKB | ||
| 650 | 0 | 7 | |a činnosť knižníc |2 SNKPH |9 66620 |
| 650 | 0 | 7 | |a vedecké knižnice |2 SNKPH |9 49795 |
| 650 | 0 | 7 | |a Research libraries |2 SNKPHeng |9 267292 |
| 650 | 0 | 7 | |a Activities of libraries |2 SNKPHeng |9 266189 |
| 651 | 7 | |a Slovensko |2 SNKPH |9 14231 | |
| 651 | 7 | |a Slovakia |2 SNKPHeng |9 92630 | |
| 655 | 7 | |a výročné správy |2 SNKPH |9 70580 | |
| 655 | 7 | |a Annual reports |2 SNKPHeng |9 265598 | |
| 700 | 1 | |a Popová, Tatiana, |d 1947- |4 com |9 37869 | |
| 700 | 1 | |a Gábrišová, Henrieta, |d 1974- |4 com |9 267293 | |
| 780 | 0 | 0 | |t Správa o činnosti za rok ... |
| 785 | 0 | 0 | |t Správa o činnosti a hospodárení za rok ... |w vtls011609082 |
| 830 | 0 | |a Informácie a propagácia |9 266701 | |
| 852 | |a Štátna vedecká knižnica v Banskej Bystrici | ||
| 910 | |a snk | ||
| 910 | |a savuk | ||
| 919 | |a 80-85170-74-4 | ||
| 919 | |a 80-85170-76-0 | ||
| 919 | |a 80-85170-82-5 | ||
| 919 | |a 80-85170-91-4 | ||
| 919 | |a 80-85170-98-6 | ||
| 919 | |a 978-80-89303-08-3 | ||
| 919 | |a 978-80-89303-15-1 | ||
| 919 | |a 978-80-89303-21-2 | ||
| 919 | |a 978-80-89303-27-4 | ||
| 919 | |a 978-80-89303-34-2 | ||
| 919 | |a 978-80-89303-37-3 | ||
| 919 | |a 978-80-89303-41-0 | ||
| 919 | |a 978-80-89303-45-8 | ||
| 919 | |a 80-85170-69-8 | ||
| 999 | |c 3573 |d 5503 | ||
| 952 | |a SNK |b SNK |y PREZ |7 0 |p 17A0488710 |o snkČSB 5209/2005 |i snk2006/6237 |8 0 |0 0 |1 0 |4 0 |d 2006-03-23 |l 0 |r 2026-02-21 19:32:39 |w 2026-02-21 | ||
| 952 | |a SNK |b SNK |y PREZ |7 0 |p 17A0416343 |o snkČSB 5209/2002 |i snkPV 499/2004 |0 0 |1 0 |4 0 |d 2004-04-26 |l 0 |r 2005-01-02 00:00:00 |w 2026-02-21 | ||
| 952 | |a SNK |b SNK |y PREZ |7 0 |p 17A0431432 |o snkČSB 5209/2003 |i snkPV 1092/2004 |0 0 |1 0 |4 0 |d 2004-08-19 |l 0 |r 2005-01-02 00:00:00 |w 2026-02-21 | ||
| 952 | |a SNK |b SNK |y PREZ |7 0 |p 17A0488711 |o snkČSB 5209/2005 D1 |i snk2006/6238 |8 0 |0 0 |1 0 |4 0 |d 2006-03-23 |l 0 |r 2026-02-21 19:47:25 |w 2026-02-21 | ||
| 952 | |a SNK |b SNK |y PREZ |7 0 |p 17A0416344 |o snkČSB 5209/2002 D1 |i snkPV 500/2004 |0 0 |1 0 |4 0 |d 2004-04-26 |l 0 |r 2005-01-02 00:00:00 |w 2026-02-21 | ||
| 952 | |a SNK |b SNK |y PREZ |7 0 |p 17A0534675 |o snkČSB 5209/2006 |i snk2007/8699 |8 0 |0 0 |1 0 |4 0 |d 2007-03-29 |l 0 |r 2026-02-21 20:27:46 |w 2026-02-21 | ||
| 952 | |a SNK |b SNK |y PREZ |7 0 |p 17A0534676 |o snkČSB 5209/2006 D1 |i snk2007/8701 |8 0 |0 0 |1 0 |4 0 |d 2007-03-29 |l 0 |r 2026-02-21 20:27:46 |w 2026-02-21 | ||
| 952 | |a SNK |b SNK |y PREZ |7 0 |p 17A0582582 |o snkČSB 5209/2007 |i snk2008/15249 |8 0 |0 0 |1 0 |4 0 |d 2008-08-11 |l 0 |r 2026-02-21 20:28:45 |w 2026-02-21 | ||
| 952 | |a SNK |b SNK |y PREZ |7 0 |p 17A0582583 |o snkČSB 5209/2007 D1 |i snk2008/15250 |8 0 |0 0 |1 0 |4 0 |d 2008-08-11 |l 0 |r 2026-02-21 20:28:45 |w 2026-02-21 | ||
| 952 | |a SNK |b SNK |y PREZ |7 0 |p 17A1030471 |o snkČSB 5209/2011 |i snk2012/12520 |8 0 |0 0 |1 0 |4 0 |d 2012-06-27 |l 0 |r 2026-02-21 20:30:15 |w 2026-02-21 | ||
| 952 | |a SNK |b SNK |y PREZ |7 0 |p 17A1030472 |o snkČSB 5209/2011 D1 |i snk2012/12521 |8 0 |0 0 |1 0 |4 0 |d 2012-06-27 |l 0 |r 2026-02-21 20:30:15 |w 2026-02-21 | ||
| 952 | |a SNK |b SNK |y PREZ |7 0 |p 17A0672813 |o snkČSB 5209/2008 |i snk2012/1966 |8 1 |0 0 |1 0 |4 0 |d 2012-01-24 |l 0 |r 2026-02-21 20:40:09 |w 2026-02-21 | ||
| 952 | |a SNK |b SNK |y PREZ |7 0 |p 17A0672814 |o snkČSB 5209/2008 D1 |i snk2012/1967 |8 1 |0 0 |1 0 |4 0 |d 2012-01-24 |l 0 |r 2026-02-21 20:40:09 |w 2026-02-21 | ||
| 952 | |a SNK |b SNK |y PREZ |7 0 |p 17A0672791 |o snkČSB 5209/2009 |i snk2012/1968 |8 0 |0 0 |1 0 |4 0 |d 2012-01-24 |l 0 |r 2026-02-21 20:40:09 |w 2026-02-21 | ||
| 952 | |a SNK |b SNK |y PREZ |7 0 |p 17A0672792 |o snkČSB 5209/2009 D1 |i snk2012/1969 |8 0 |0 0 |1 0 |4 0 |d 2012-01-24 |l 0 |r 2026-02-21 20:40:10 |w 2026-02-21 | ||
| 952 | |a SNK |b SNK |y PREZ |7 0 |p 17A0719223 |o snkČSB 5209/2010 |i snk2012/1970 |8 0 |0 0 |1 0 |4 0 |d 2012-01-24 |l 0 |r 2026-02-21 20:40:10 |w 2026-02-21 | ||
| 952 | |a SNK |b SNK |y PREZ |7 0 |p 17A0719224 |o snkČSB 5209/2010 D1 |i snk2012/1971 |8 0 |0 0 |1 0 |4 0 |d 2012-01-24 |l 0 |r 2026-02-21 20:40:11 |w 2026-02-21 | ||
| 952 | |a SNK |b SNK |y PREZ |7 0 |p 17A1085265 |o snkČSB 5209/2012 |i snk2015/31375 |8 0 |0 0 |1 0 |4 0 |d 2015-11-18 |l 0 |r 2026-02-21 21:05:33 |w 2026-02-21 | ||
| 952 | |a SNK |b SNK |y PREZ |7 0 |p 17A1085264 |o snkČSB 5209/2012 D1 |i snk2015/31376 |8 0 |0 0 |1 0 |4 0 |d 2015-11-18 |l 0 |r 2026-02-21 21:05:33 |w 2026-02-21 | ||
| 952 | |a SNK |b SNK |y PREZ |7 0 |p 17A1085263 |o snkČSB 5209/2014 |i snk2015/31379 |8 0 |0 0 |1 0 |4 0 |d 2015-11-18 |l 0 |r 2026-02-21 21:05:33 |w 2026-02-21 | ||
| 952 | |a SNK |b SNK |y PREZ |7 0 |p 17A1085262 |o snkČSB 5209/2014 D1 |i snk2015/31380 |8 0 |0 0 |1 0 |4 0 |d 2015-11-18 |l 0 |r 2026-02-21 21:05:33 |w 2026-02-21 | ||
| 952 | |a SNK |b SNK |y PREZ |7 0 |p 17A0446802 |o snkČSB 5209/2004 |i snk2005/6489 |8 0 |0 0 |1 0 |4 0 |d 2005-04-19 |l 0 |r 2026-02-21 21:21:18 |w 2026-02-21 | ||
| 952 | |a SNK |b SNK |y PREZ |7 0 |p 17A0446803 |o snkČSB 5209/2004 D1 |i snk2005/6490 |8 0 |0 0 |1 0 |4 0 |d 2005-04-19 |l 0 |r 2026-02-21 21:21:18 |w 2026-02-21 | ||
| 952 | |a SNK |b SNK |y PREZ |7 0 |p 17A0431433 |o snkČSB 5209/2003 D1 |i snkPV 1093/2004 |0 0 |1 0 |4 0 |d 2004-08-19 |l 0 |r 2005-01-02 00:00:00 |w 2026-02-21 | ||
| 952 | |a SNK |b SNK |y PREZ |7 0 |p 17A0378672 |o snkČSB 5209/2001 |i snkKSP 4349/2003 |0 0 |1 0 |4 0 |d 2003-03-18 |l 0 |r 2005-01-02 00:00:00 |w 2026-02-21 | ||
| 952 | |a SNK |b SNK |y PREZ |7 0 |p 17A0378673 |o snkČSB 5209/2001 D1 |i snkKSP 4350/2003 |0 0 |1 0 |4 0 |d 2003-03-18 |l 0 |r 2005-01-02 00:00:00 |w 2026-02-21 | ||
| 952 | |a SNK |b SNK |y PREZ |7 0 |p 17A1085007 |o snkČSB 5209/2013 |i snk2016/3371 |8 0 |0 0 |1 0 |4 0 |d 2016-02-09 |l 0 |r 2026-02-21 21:32:48 |w 2026-02-21 | ||
| 952 | |a SNK |b SNK |y PREZ |7 0 |p 17A1085006 |o snkČSB 5209/2013 D1 |i snk2016/3373 |8 0 |0 0 |1 0 |4 0 |d 2016-02-09 |l 0 |r 2026-02-21 21:32:48 |w 2026-02-21 | ||


